Celebrity Sorting VII Quiz Stats

 Plays Quiz Updated Nov 9, 2019

Score 0/10 Timer 02:00
38 Plays Today
% Correct
Actor
97.9%
Politician
93.6%
Director
92.8%
Athlete
92.1%
Musician
89.7%
Entrepreneur|Businessperson
88.5%
Author
88.1%
Painter
84.2%
Reporter|Journalist
76.5%
Religious Leader
66.9%

You're not logged in!

Compare scores with friends on all Sporcle quizzes.
OR
Log In

Sporcle TV

Today on Sporcle TV


Watch our educational content, quiz creation guides, and fun videos on Sporcle TV.

Show Comments

Extras

Top Quizzes Today


Score Distribution

Your Account Isn't Verified!

In order to create a playlist on Sporcle, you need to verify the email address you used during registration. Go to your Sporcle Settings to finish the process.

Report this User

Report this user for behavior that violates our Community Guidelines.

Details: